000 00340 a2200169 4500
001 174327
020 _a85-08-04069-5
040 _cMagnum
100 _aFrança, Mary
240 1 0 _aO piquenique
_lpor
245 1 0 _aO piquenique
300 _a16
362 0 _a1998
440 1 _aÁtica
697 _aLITERATURA INFANTIL
942 _cBK
999 _c174327
_d174327